Boletin SAO / (Registro nro. 16762)

Detalles MARC
000 -CABECERA
Campo de control 00802nas a2200229 a 4500
005 - FECHA Y HORA DE LA ULTIMA TRANSACCION
Campo de control 20170519123201.0
008 - ELEMENTOS DE LONGITUD FIJA—INFORMACION GENERAL
Campo de control 951108c19909999ck ur p 0 0spa d
022 ## - ISSN
ISSN 0123-9082
040 ## - FUENTE DE CATALOGACIÓN
Agencia catalogadora original UkOxU
Agencia transcriptora UkOxU
Agencia Modificadora CO-BoIAVH
041 0# - IDIOMA
Código de idioma para texto/pista de sonido o título separado Español
044 ## - PAÍS DE PUBLICACIÓN
País de publicación Colombia
090 ## - CLASIFICACIÓN LOCAL
Colección SE-
245 00 - MENCION DE TITULO
Título Boletin SAO /
Mención de responsabilidad Sociedad Antioqueña de Ornitología
260 ## - PUBLICACION, DISTRIBUCION, ETC. (PIE DE IMPRENTA)
Lugar de publicación, distribución, etc. Medellín (Colombia) :
Nombre del editor, distribuidor, etc. Sociedad Antioqueña de Ornitología,
Fecha de publicación, distribución, etc. 1990-.
300 ## - DESCRIPCION FISICA
Dimensiones 23 x 17 cm. ;
Otros detalles físicos ilustraciones y mapas
310 ## - FRECUENCIA ACTUAL DE LA PUBLICACIÓN
Frecuencia actual de la publicación Anual
500 ## - NOTA GENERAL
Nota general "Organo de publicación de la Sociedad Antioqueña de Ornitología."
650 16 - ASIENTO SECUNDARIO DE MATERIA - TERMINO TEMATICO
Término temático o nombre geográfico como elemento de entrada Aves
Subdivisión geográfica Colombia
Subdivisión de forma Publicaciones periódicas
9 (RLIN) 81580
650 26 - ASIENTO SECUNDARIO DE MATERIA - TERMINO TEMATICO
Término temático o nombre geográfico como elemento de entrada Ornitología
Subdivisión geográfica Colombia
Subdivisión de forma Publicaciones periódicas
9 (RLIN) 81581
710 2# - ASIENTO SECUNDARIO - NOMBRE CORPORATIVO
Nombre corporativo o de jurisdicción como elemento de entrada Sociedad Antioqueña de Ornitología.
9 (RLIN) 1215
942 ## - ELEMENTOS ADICIONALES (KOHA)
Sistema de clasificación Local
Tipo de ítem Periodica o revista
Serial record 1
Existencias
Withdrawn status Lost status Sistema de Clasificación Damaged status No para préstamo Colección Fecha publicación (Año) Volumen revista Número revista Inventariado Ubicación Permanente Ubicación actual Fecha de adquisición Precio Datos de publicación Seriada Total Checkouts Número topográfico Inventario / Código de Barras Date last seen Ejemplar Price effective from Forma de adquisición Tipo de material
    Local     Hemeroteca 1994 5 9 Inventariado 2017 Bogotá Bogotá 19/05/2017 20000.00 Vol 5, No 9   SE 019286 19/05/2017 Ej. 1 19/05/2017 Donación Periodica o revista
    Local     Hemeroteca 1994 5 10 Inventariado 2017 Bogotá Bogotá 19/05/2017 20000.00 Vol 5, No 10   SE 019287 19/05/2017 Ej. 1 19/05/2017 Donación Periodica o revista
    Local     Hemeroteca 1990   2 Inventariado 2017 Bogotá Bogotá 19/05/2017 20000.00 Vol 1, No 2   SE 019282 19/05/2017 Ej. 1 19/05/2017 Donación Periodica o revista
    Local     Hemeroteca 1998 9 16 y 17 Inventariado 2017 Bogotá Bogotá 19/05/2017 20000.00 Vol 9, Nros 16 y 17   SE 019288 19/05/2017 Ej. 1 19/05/2017 Donación Periodica o revista
    Local     Hemeroteca 1997 8 14 y 15 Inventariado 2017 Bogotá Bogotá 19/05/2017 20000.00 Vol 8, Nros 14 y 15   SE 022046 19/05/2017 Ej. 1 19/05/2017 Donación Periodica o revista
    Local     Hemeroteca 1993 4 7 Inventariado 2017 Bogotá Bogotá 19/05/2017 20000.00 Vol 4, No 7   SE 019284 19/05/2017 Ej. 1 19/05/2017 Donación Periodica o revista
    Local     Hemeroteca 1999 10 18 y 19 Inventariado 2017 Bogotá Bogotá 19/05/2017 20000.00 Vol 10, Nros 18 y 19   SE 006239 19/05/2017 Ej. 1 19/05/2017 Donación Periodica o revista
    Local     Hemeroteca 2000 11 20 y 21 Inventariado 2017 Bogotá Bogotá 19/05/2017 20000.00 Vol 11, Nros 20 y 21   SE 022049 19/05/2017 Ej. 1 19/05/2017 Donación Periodica o revista
    Local     Hemeroteca 1992 3 5 Inventariado 2017 Bogotá Bogotá 19/05/2017 20000.00 Vol 3, No 5   SE 019283 19/05/2017 Ej. 1 19/05/2017 Donación Periodica o revista
    Local     Hemeroteca 1993 4 8 Inventariado 2017 Bogotá Bogotá 19/05/2017 20000.00 Vol 4, No 8   SE 019285 19/05/2017 Ej. 1 19/05/2017 Donación Periodica o revista